An Introduction to Electrical Circuit Theory / (Record no. 772)

MARC details
000 -LEADER
fixed length control field 00537nam a2200181 a 4500
020 ## - INTERNATIONAL STANDARD BOOK NUMBER
ISBN 0333233859 (paperback)
020 ## - INTERNATIONAL STANDARD BOOK NUMBER
ISBN 9780333233856 (paperback)
100 1# - MAIN ENTRY--AUTHOR NAME
Personal name G, Williams.
245 13 - TITLE STATEMENT
Title An Introduction to Electrical Circuit Theory /
250 ## - EDITION STATEMENT
Edition statement Corrected Edition.
260 ## - PUBLICATION, DISTRIBUTION, ETC. (IMPRINT)
Place of publication [S.l.] :
Name of publisher English Language Books Society and MacMillan,
Year of publication 1977.
300 ## - PHYSICAL DESCRIPTION
Number of Pages 209 p.
500 ## - GENERAL NOTE
General note Import.
650 ## - SUBJECT ADDED ENTRY--TOPICAL TERM
Topical Term Electric Circuits
650 ## - SUBJECT ADDED ENTRY--TOPICAL TERM
Topical Term Electrical Engineering
856 40 - ELECTRONIC LOCATION AND ACCESS
Uniform Resource Identifier http://10.10.170.122:8080/browse/book/24471
942 ## - ADDED ENTRY ELEMENTS (KOHA)
Koha item type Books
Holdings
Withdrawn status Lost status Home library Current library Date acquired Cost, normal purchase price Full call number Accession Number Koha item type
    Central Library, QUEST, Nawabshah Central Library, QUEST, Nawabshah 28/04/2014 89.35 621.3192WIL 14671 Books
    Central Library, QUEST, Nawabshah Reference Section 28/04/2014 89.35 621.3192WIL 14670 Books
    Reference Section Reference Section 28/04/2014 31.75 621.3192WIL 8989 Books